[Event "Coppa del Mondo FIDE 2025"]
[Site "Goa"]
[Date "06.11.2025"]
[Round "1C"]
[White "Kourkoulos-Arditis, Stamatis"]
[Black "Nihal, Sarin"]
[Result "1-0"]
[WhiteElo "2583"]
[BlackElo "2700"]
[EventDate "2025.11.01"]
[EventType "k.o."]

1. e4 e5 2. Nf3 Nc6 3. Bc4 d6 4. c3 f5 5. d3 f4 6. h4 Qf6 7. b4 Nh6 8. Nbd2
Ng4 9. Bb2 Bd7 10. a4 Be7 11. Qe2 Nd8 12. d4 Nf7 13. Bb3 O-O-O 14. b5 Kb8
15. a5 Bc8 16. b6 c6 17. a6 Rd7 18. d5 axb6 19. axb7 Bxb7 20. dxc6 Bxc6 21.
Qa6 Rc8 22. Bd5 Bxd5 23. exd5 Kc7 24. Nc4 Rb8 25. Qa7+ Rb7 26. Qa8 Rd8 27.
Qa4 b5 28. Qa5+ Kd7 29. Qa6 Ke8 30. Qxb7 bxc4 31. Qc6+ Kf8 32. Qxc4 Qg6 33.
h5 Qf5 34. Nd2 Qc2 35. Bc1 Nf6 36. f3 e4 37. Qb3 Qd3 38. c4 Qxb3 39. Nxb3
Ne5 40. fxe4 Nxe4 41. O-O f3 42. gxf3 Ng3 43. Rf2 Nxh5 44. Nd4 Rc8 45. c5
dxc5 46. Ne6+ Kf7 47. Ra7 Nf6 48. Ng5+ Kf8 49. Re2 Ng6 50. d6 Bxd6 51. Ne6+
Kg8 52. Rxg7+ Kh8 53. Bb2 Nf4 54. Bxf6 Nxe2+ 55. Kf2 h5 56. Rc7+ Kg8 57.
Rxc8+ Kf7 58. Kxe2 1-0

[Event "Coppa del Mondo FIDE 2025"]
[Site "Goa"]
[Date "06.11.2025"]
[Round "1C"]
[White "Sevian, Samuel"]
[Black "Tin, Jingyao"]
[Result "1-0"]
[WhiteElo "2698"]
[BlackElo "2583"]
[EventDate "2025.11.01"]
[EventType "k.o."]

1. e4 e5 2. Nf3 Nc6 3. Bc4 Bc5 4. c3 Nf6 5. d4 exd4 6. cxd4 Bb4+ 7. Nbd2
Nxe4 8. d5 Ne7 9. O-O Bxd2 10. Nxd2 Nd6 11. Bd3 O-O 12. Qh5 f5 13. Nc4 Nxc4
14. Bxc4 d6 15. Re1 Ng6 16. Bg5 Qd7 17. Rac1 Qf7 18. Bb3 a5 19. Rc3 a4 20.
Bc2 Re8 21. Rc1 f4 22. Bd3 Bf5 23. Rxc7 Rac8 24. Rxc8 Rxc8 25. Rxc8+ Bxc8
26. Bd8 Bd7 27. Ba5 Qe8 28. h3 Bb5 29. Bf5 Bd7 30. Bc2 Bb5 31. Bc3 Bd7 32.
h4 Qe7 33. Bxg6 hxg6 34. Qxg6 Be8 35. Qg4 Qf7 36. f3 Kh7 37. Kh2 Bb5 38. a3
Bc4 39. Bd2 Qxd5 40. Bxf4 Qd4 41. Qg3 Qxb2 42. Bxd6 Qf6 43. Be5 Qf7 44. Qg5
b5 45. h5 Bd3 46. Kg3 Bc4 47. Kh4 Bd3 48. Bd4 Qc7 49. f4 Qd7 50. Be5 Qa7
51. Kg3 Qd7 52. Bc3 Bf5 53. Kh4 Bd3 54. g4 Qc7 55. Qe5 Qb7 56. Bb2 Qh1+ 57.
Kg5 Qb7 58. f5 Bc4 59. h6 gxh6+ 60. Kf4 1-0

[Event "Coppa del Mondo FIDE 2025"]
[Site "Goa"]
[Date "06.11.2025"]
[Round "1C"]
[White "Bai, Jinshi"]
[Black "Dubov, Daniil"]
[Result "1/2-1/2"]
[WhiteElo "2590"]
[BlackElo "2684"]
[EventDate "2025.11.01"]
[EventType "k.o."]

1. d4 d5 2. c4 e6 3. Nc3 Bb4 4. cxd5 exd5 5. Bf4 Nf6 6. e3 c5 7. Bb5+ Bd7
8. Bxd7+ Qxd7 9. Ne2 cxd4 10. Qxd4 Nc6 11. Qd3 O-O 12. O-O Bxc3 13. Nxc3 h6
14. Rfd1 Rfd8 15. Rac1 Rac8 16. h3 Qe7 17. Qe2 Qe6 18. a3 d4 19. exd4 Nxd4
20. Qxe6 Nxe6 21. Be3 a6 22. Kf1 Kf8 23. Ke2 h5 24. Kf3 Ke8 25. g4 Rxd1 26.
Rxd1 Rc4 27. gxh5 Rh4 28. h6 gxh6 29. Kg3 Ng7 30. Nd5 Nf5+ 31. Kg2 Nxd5 32.
Rxd5 Nxe3+ 33. fxe3 Rc4 34. Rd2 Ke7 35. Kf3 Ke6 36. Rd8 Rc2 37. b4 Rh2 38.
Rb8 Rxh3+ 39. Kf4 a5 40. Rxb7 axb4 41. Rb6+ Ke7 42. Rxb4 Rh4+ 43. Kf5 Rh5+
44. Kf4 Rh4+ 45. Kf5 1/2-1/2

[Event "Coppa del Mondo FIDE 2025"]
[Site "Goa"]
[Date "06.11.2025"]
[Round "1C"]
[White "Bu, Xiangzhi"]
[Black "Yilmaz, Mustafa"]
[Result "1/2-1/2"]
[WhiteElo "2672"]
[BlackElo "2591"]
[EventDate "2025.11.01"]
[EventType "k.o."]

1. Nf3 d5 2. d4 Nf6 3. c3 e6 4. Bf4 Bd6 5. e3 O-O 6. Nbd2 c5 7. Bd3 Bxf4 8.
exf4 cxd4 9. Nxd4 Qc7 10. g3 e5 11. fxe5 Qxe5+ 12. Qe2 Qd6 13. O-O Nc6 14.
N2b3 Bg4 15. f3 Bd7 16. Rfe1 Rfe8 17. Qf2 Ne5 18. Bf1 Qb6 19. Nc1 Nc6 20.
Rd1 Nxd4 21. Rxd4 h6 22. Nb3 Re7 23. Rd2 Qc7 24. Qc5 Qxc5+ 25. Nxc5 Bc6 26.
Nb3 Rae8 27. Kf2 Nd7 28. Nd4 Ne5 29. a4 Bd7 30. a5 Nc4 31. Rc2 g6 32. h4
Kg7 33. h5 gxh5 34. a6 b6 35. Bd3 Ne5 36. Rd2 Nc4 37. Bxc4 dxc4 38. Rh1 Re5
39. Ne2 Bf5 40. Rxh5 Bd3 41. Nf4 Re1 42. Rd5 Rh1 43. Kg2 Ra1 44. Nxd3 cxd3
45. R5xd3 Rxa6 46. Rd7 Ra2 47. Rb7 Re3 48. f4 Re6 49. Kf3 a5 50. f5 Rf6 51.
Kg4 Ra4+ 52. Rd4 Rxd4+ 53. cxd4 Rd6 54. Kh5 Rd5 55. Rxb6 Rxf5+ 56. Kh4 Rd5
57. Kh3 Rxd4 58. Rb5 Ra4 59. b3 Ra1 60. Rb6 f6 61. Ra6 Ra3 62. Kg4 Kg6 63.
Ra8 h5+ 64. Kh4 Ra1 65. Kh3 Ra3 66. Kh4 Ra1 67. Kh3 Kg5 68. b4 a4 69. b5 a3
70. b6 Rh1+ 71. Kg2 Rb1 72. Rxa3 Rxb6 73. Kh3 Rb4 74. Ra5+ Kg6 75. Rc5 Ra4
76. Rb5 Rc4 77. Ra5 f5 78. Ra6+ Kg5 79. Ra8 Rb4 80. Rg8+ Kf6 81. Rh8 Kg5
82. Rg8+ Kf6 83. Rh8 1/2-1/2

[Event "Coppa del Mondo FIDE 2025"]
[Site "Goa"]
[Date "06.11.2025"]
[Round "1C"]
[White "Cori, Jorge"]
[Black "Sargsyan, Shant"]
[Result "1-0"]
[WhiteElo "2594"]
[BlackElo "2667"]
[EventDate "2025.11.01"]
[EventType "k.o."]

1. c4 Nf6 2. Nc3 e5 3. Nf3 Nc6 4. e3 Bb4 5. Qc2 O-O 6. Nd5 Re8 7. Qf5 d6 8.
Nxf6+ gxf6 9. Qh5 e4 10. a3 exf3 11. axb4 Re5 12. Qxf3 Nxb4 13. Qd1 Bf5 14.
d3 d5 15. g4 Bg6 16. f4 dxc4 17. fxe5 fxe5 18. h4 cxd3 19. Kf2 Nc2 20. Ra4
b5 21. h5 bxa4 22. hxg6 hxg6 23. Bxd3 Nb4 24. Be4 Qf6+ 25. Qf3 Qxf3+ 26.
Kxf3 Rd8 27. Ke2 Nd5 28. Bc2 Rb8 29. Bxa4 Rb4 30. Bc6 Ne7 31. Bd7 Kg7 32.
Rd1 a5 33. Rd3 Kf6 34. Rc3 c6 35. Kf3 Kg5 36. e4+ Kh4 37. g5 Rd4 38. Be3
Rxd7 39. Rc1 1-0

[Event "Coppa del Mondo FIDE 2025"]
[Site "Goa"]
[Date "06.11.2025"]
[Round "1C"]
[White "Karthikeyan, Murali"]
[Black "Idani, Pouya"]
[Result "1-0"]
[WhiteElo "2662"]
[BlackElo "2601"]
[EventDate "2025.11.01"]
[EventType "k.o."]

1. e4 c5 2. Nc3 d6 3. Nge2 Nf6 4. g3 Nc6 5. Bg2 g6 6. d4 cxd4 7. Nxd4 Bd7
8. h3 Bg7 9. Be3 O-O 10. O-O Rc8 11. Nde2 a6 12. Nd5 Nxd5 13. exd5 Na5 14.
Bd4 Bb5 15. Bxg7 Bxe2 16. Qxe2 Kxg7 17. h4 b5 18. Bh3 f5 19. Rfe1 Rf7 20.
b3 Qc7 21. a4 Qb6 22. axb5 axb5 23. Qd2 b4 24. Ra4 Rc3 25. Re3 Qc5 26. Rxc3
bxc3 27. Qd3 Nb7 28. Rc4 Qa5 29. b4 Qa1+ 30. Bf1 f4 31. Qxc3+ Qxc3 32. Rxc3
fxg3 33. fxg3 Nd8 34. Rc8 Rf8 35. b5 Nb7 36. Rc7 Nc5 37. Rxe7+ Kf6 38. Rxh7
Ra8 39. Rc7 Ra2 40. b6 Rxc2 41. g4 Rb2 42. Rc6 Ke5 43. h5 gxh5 44. gxh5 Ne4
45. h6 Ng5 46. Bg2 Kf4 47. Rc4+ Ke5 48. Rg4 Nh7 49. Rg7 Nf6 50. h7 Rxb6 51.
h8=Q 1-0

[Event "Coppa del Mondo FIDE 2025"]
[Site "Goa"]
[Date "06.11.2025"]
[Round "1C"]
[White "Oparin, Grigoriy"]
[Black "Dardha, Daniel"]
[Result "0-1"]
[WhiteElo "2661"]
[BlackElo "2605"]
[EventDate "2025.11.01"]
[EventType "k.o."]

1. e4 d6 2. d4 Nf6 3. Nc3 e5 4. Nge2 Be7 5. h3 c6 6. g4 O-O 7. Bg2 b5 8. a3
Nbd7 9. O-O a5 10. Ng3 Ba6 11. Re1 b4 12. Nce2 c5 13. dxe5 dxe5 14. Nf5 Ne8
15. Neg3 Nc7 16. Be3 g6 17. Nxe7+ Qxe7 18. axb4 axb4 19. c3 bxc3 20. bxc3
Bc4 21. Qd2 Ne6 22. Red1 Nb6 23. Rdb1 Rad8 24. Qc1 Nc8 25. Ra5 Nd6 26. Bxc5
Nxc5 27. Rxc5 Bd3 28. Rb4 Nxe4 29. Nxe4 Bxe4 30. Qe3 Rd3 31. Rxe5 Qxe5 32.
Qxe4 Rd1+ 33. Bf1 Qxc3 34. Kg2 Re1 35. Qc4 Qa1 36. Rb7 Rxf1 0-1

[Event "Coppa del Mondo FIDE 2025"]
[Site "Goa"]
[Date "06.11.2025"]
[Round "1C"]
[White "Svane, Rasmus"]
[Black "Mamedov, Rauf"]
[Result "1/2-1/2"]
[WhiteElo "2614"]
[BlackElo "2655"]
[EventDate "2025.11.01"]
[EventType "k.o."]

1. d4 Nf6 2. Nf3 g6 3. Nbd2 Bg7 4. e4 d6 5. Bd3 O-O 6. O-O Nc6 7. Re1 e5 8.
dxe5 Nxe5 9. Nxe5 dxe5 10. a4 Bg4 11. Nf3 Nh5 12. h3 Be6 13. Bg5 Bf6 14.
Bh6 Re8 15. Qd2 c6 16. Rad1 Qc7 17. Qc3 Qe7 18. g4 Nf4 19. Bxf4 exf4 20. e5
Bg7 21. Bc4 Rad8 22. Bxe6 fxe6 23. Qc4 Rd5 24. Kg2 Rf8 25. Qb3 Qc7 26. Rd4
h6 27. Qd3 g5 28. c4 Rxd4 29. Qxd4 c5 30. Qe4 Rd8 31. h4 gxh4 32. Qxf4 Qc6
33. Qe4 Qxa4 34. g5 Qc6 35. Qxc6 bxc6 36. gxh6 Bxh6 37. Ra1 Rb8 38. Rxa7
Rxb2 39. Nxh4 Rc2 40. Ng6 Rxc4 41. Ne7+ Kf7 42. Nf5+ Kg6 43. Nxh6 Kxh6 44.
Re7 Kg5 45. Rxe6 Kf5 1/2-1/2

[Event "Coppa del Mondo FIDE 2025"]
[Site "Goa"]
[Date "06.11.2025"]
[Round "1C"]
[White "Deac, Bogdan-Daniel"]
[Black "Suleymanli, Aydin"]
[Result "1-0"]
[WhiteElo "2655"]
[BlackElo "2614"]
[EventDate "2025.11.01"]
[EventType "k.o."]

1. c4 Nf6 2. Nf3 e6 3. g3 d5 4. Bg2 Be7 5. O-O O-O 6. Re1 Nc6 7. d3 d4 8.
e3 e5 9. exd4 exd4 10. Na3 Bf5 11. Nc2 Bg6 12. a3 Nd7 13. b4 Bf6 14. b5 Na5
15. Nb4 c6 16. a4 Re8 17. Bf4 Rxe1+ 18. Nxe1 Rc8 19. Bh3 Ra8 20. Bg2 Rc8
21. h4 Bf5 22. Ra2 Nc5 23. Re2 Be7 24. Nbc2 Bg4 25. Bf3 Be6 26. Nb4 Bf8 27.
Bg5 Qd7 28. Kh2 a6 29. bxa6 bxa6 30. Bf4 Qb7 31. Rb2 Qd7 32. Ra2 Bd6 33.
Bxd6 Qxd6 34. Rb2 Rb8 35. Rb1 Re8 36. Bg2 Bf5 37. Qf3 Bd7 38. Qd1 h6 39.
Kg1 Bf5 40. Qf3 Bd7 41. Qd1 Rb8 42. Nbc2 Rxb1 43. Qxb1 Nxa4 44. Qa1 c5 45.
Nf3 Nb3 46. Qb1 Qb6 47. Ne5 Be6 48. Nc6 a5 49. Ne7+ Kf8 50. Nd5 Bxd5 51.
cxd5 Nc3 52. Qe1 a4 53. Na3 Na5 54. Qe5 f6 55. Qf5 Qd8 56. Qe6 Qe7 57. Qc8+
Kf7 58. Qa6 Nb7 59. Nc4 Nd8 60. Qb6 Kg8 61. d6 Qe1+ 62. Kh2 Nf7 63. d7 Qe7
64. Qb8+ Qd8 65. Qc8 Qf8 66. Nd6 Nd8 67. Nb7 Nf7 68. Nxc5 Nd8 69. Nb7 Nf7
70. Bh3 1-0

[Event "Coppa del Mondo FIDE 2025"]
[Site "Goa"]
[Date "06.11.2025"]
[Round "1C"]
[White "Lagarde, Maxime"]
[Black "Wojtaszek, Radoslaw"]
[Result "1/2-1/2"]
[WhiteElo "2617"]
[BlackElo "2654"]
[EventDate "2025.11.01"]
[EventType "k.o."]

1. d4 Nf6 2. c4 e6 3. Nc3 Bb4 4. e3 c5 5. Bd3 Nc6 6. a3 Bxc3+ 7. bxc3 b6 8.
e4 d6 9. Ne2 e5 10. d5 Ne7 11. h4 h5 12. Ng3 Bg4 13. f3 Bd7 14. Bg5 Qc7 15.
Bc2 O-O-O 16. Ba4 Bxa4 17. Qxa4 Nh7 18. Nxh5 Nxg5 19. hxg5 g6 20. Ng3 Rxh1+
21. Nxh1 Rh8 22. Nf2 Kb8 23. Qb5 Nc8 24. a4 Qe7 25. a5 Qxg5 26. axb6 Nxb6
27. Ke2 Qe7 28. Ra6 Qb7 29. Nd3 f5 30. Nc1 fxe4 31. fxe4 Nxc4 32. Qxc4 Qb2+
33. Kd3 Qb1+ 34. Kd2 Qb2+ 35. Kd3 Qb1+ 36. Kd2 Qb2+ 37. Kd3 1/2-1/2

[Event "Coppa del Mondo FIDE 2025"]
[Site "Goa"]
[Date "06.11.2025"]
[Round "1C"]
[White "Vitiugov, Nikita"]
[Black "Narayanan, S.L."]
[Result "1/2-1/2"]
[WhiteElo "2654"]
[BlackElo "2617"]
[EventDate "2025.11.01"]
[EventType "k.o."]

1. e4 c5 2. c3 d5 3. exd5 Qxd5 4. Nf3 Nc6 5. d4 Bf5 6. Be3 cxd4 7. Nxd4 Nf6
8. Nd2 Nxd4 9. Bxd4 e5 10. Be3 Bc5 11. Bb5+ Bd7 12. Bxd7+ Nxd7 13. Nf3
Qxd1+ 14. Rxd1 Bxe3 15. fxe3 Ke7 16. Ke2 f6 17. h4 h5 18. Rhg1 Nc5 19. Rd5
Rac8 20. g4 hxg4 21. Rxg4 Ne6 22. a4 Rhd8 23. Rxd8 Rxd8 24. a5 Rc8 25. Nd2
Rc5 26. Rb4 Rc7 27. Rg4 Rc5 28. Rb4 Rc7 29. Rg4 Rc5 1/2-1/2

[Event "Coppa del Mondo FIDE 2025"]
[Site "Goa"]
[Date "06.11.2025"]
[Round "1C"]
[White "Indjic, Aleksandar"]
[Black "Theodorou, Nikolas"]
[Result "1/2-1/2"]
[WhiteElo "2618"]
[BlackElo "2652"]
[EventDate "2025.11.01"]
[EventType "k.o."]

1. d4 Nf6 2. c4 g6 3. Nc3 Bg7 4. Nf3 d6 5. e4 O-O 6. Bd3 Bg4 7. Be2 a5 8.
Be3 Bxf3 9. Bxf3 Nc6 10. d5 Nb4 11. O-O Nd7 12. Rc1 Nc5 13. Bxc5 dxc5 14.
a3 Na6 15. Re1 Nb8 16. e5 Nd7 17. e6 Ne5 18. Bg4 f5 19. Be2 g5 20. Bd3 c6
21. Qc2 Nxd3 22. Qxd3 Qd6 23. Rcd1 Rad8 24. Qe3 h6 25. dxc6 Bd4 26. Qh3
bxc6 27. Qxh6 Qf4 28. Qg6+ Kh8 29. Qh6+ Kg8 30. Qg6+ Kh8 31. Qh6+ 1/2-1/2

[Event "Coppa del Mondo FIDE 2025"]
[Site "Goa"]
[Date "06.11.2025"]
[Round "1C"]
[White "Rodshtein, Maxim"]
[Black "Sargissian, Gabriel"]
[Result "1/2-1/2"]
[WhiteElo "2647"]
[BlackElo "2624"]
[EventDate "2025.11.01"]
[EventType "k.o."]

1. c4 e6 2. Nc3 d5 3. d4 Nf6 4. cxd5 exd5 5. Bg5 Be7 6. e3 O-O 7. Bd3 Re8
8. Nf3 h6 9. Bf4 c5 10. O-O Nc6 11. Nb5 c4 12. Bc2 Nh5 13. Bc7 Qd7 14. Be5
Nf6 15. h3 a6 16. Nc3 Qd8 17. Bh2 Bd6 18. a4 Rb8 19. Bxd6 Qxd6 20. b3 cxb3
21. Bxb3 Bf5 22. Qd2 Rec8 23. a5 Qb4 24. Ba2 Ne4 25. Nxe4 Bxe4 26. Qxb4
Nxb4 27. Ne5 Rc7 28. Bb1 Rbc8 29. Ra4 Nc2 30. Rc1 Nxe3 31. Rxc7 Rxc7 32.
Bxe4 Rc1+ 33. Kh2 Nf1+ 34. Kg1 Ng3+ 35. Kh2 Nxe4 36. Rb4 Rc7 37. Rb6 Kf8
38. Nd3 Ke8 39. f3 Nd2 40. Nc5 Nc4 41. Rxb7 Rxb7 42. Nxb7 Kd7 43. Nc5+ Kc6
44. Nxa6 Nxa5 45. Nb4+ Kd6 46. Kg3 Nc6 47. Nc2 1/2-1/2

[Event "Coppa del Mondo FIDE 2025"]
[Site "Goa"]
[Date "06.11.2025"]
[Round "1C"]
[White "Martirosyan, Haik M."]
[Black "Artemiev, Vladislav"]
[Result "1/2-1/2"]
[WhiteElo "2626"]
[BlackElo "2646"]
[EventDate "2025.11.01"]
[EventType "k.o."]

1. d4 Nf6 2. c4 e6 3. Nf3 d5 4. Nc3 Bb4 5. Bg5 h6 6. Bxf6 Qxf6 7. Qa4+ Nc6
8. e3 O-O 9. Be2 dxc4 10. Bxc4 e5 11. O-O exd4 12. Nd5 Qd6 13. Nxb4 Nxb4
14. Rad1 Bd7 15. Bb5 Bxb5 16. Qxb5 Qb6 17. Nxd4 c5 18. a3 cxd4 19. Qxb4
Qxb4 20. axb4 dxe3 21. fxe3 Rfd8 22. Kf2 Rxd1 23. Rxd1 Rc8 24. b3 b6 25.
Kf3 Rc3 26. Rb1 g5 27. Rb2 f5 28. Ke2 Kf7 29. Kd2 Rc7 30. Ra2 Kf6 31. Kd3
h5 32. g3 Ke5 33. Ra1 Rd7+ 34. Ke2 Rh7 35. h4 gxh4 36. gxh4 Rg7 37. b5 f4
38. Ra4 fxe3 39. Kf3 e2 40. Kxe2 Rg2+ 41. Kd3 Rg3+ 42. Kc2 Rg7 43. Kd3 Rd7+
44. Kc3 Rg7 45. Kd3 Kf5 46. Kc3 Rd7 47. Kb2 Rd5 48. Rxa7 Kg4 49. Ra4+ Kg3
50. Re4 Rxb5 51. Kc3 Rf5 52. Kb4 Rd5 53. Kc4 Rc5+ 54. Kb4 Kh3 55. Re6 Kxh4
56. Rxb6 Rc8 57. Rg6 Kh3 58. Ka4 Ra8+ 59. Kb5 Rb8+ 60. Ka4 Ra8+ 1/2-1/2

[Event "Coppa del Mondo FIDE 2025"]
[Site "Goa"]
[Date "06.11.2025"]
[Round "1C"]
[White "Adams, Michael"]
[Black "Cheparinov, Ivan"]
[Result "1/2-1/2"]
[WhiteElo "2646"]
[BlackElo "2626"]
[EventDate "2025.11.01"]
[EventType "k.o."]

1. e4 c5 2. Nf3 d6 3. d4 cxd4 4. Nxd4 Nf6 5. Nc3 a6 6. Bc4 e6 7. a4 Be7 8.
O-O O-O 9. Be3 Nc6 10. h3 Bd7 11. Bd3 Qc7 12. f4 Nxd4 13. Bxd4 e5 14. Be3
exf4 15. Rxf4 Be6 16. Bd4 Nd7 17. Nd5 Bxd5 18. exd5 Ne5 19. a5 g6 20. c3
Bg5 21. Rf1 Rae8 22. Kh1 f5 23. Qc2 Re7 24. c4 Bf6 25. Bb6 Qc8 26. Rad1
Rfe8 27. c5 Nxd3 28. Rxd3 Re2 29. Rd2 Re1 30. Rd1 Rxf1+ 31. Rxf1 dxc5 32.
Bxc5 Kg7 33. b4 Qd7 34. d6 Re4 35. Qd2 h5 36. Re1 Rxe1+ 37. Qxe1 h4 38. Qd2
g5 39. Qd5 g4 40. hxg4 fxg4 41. Bd4 Bxd4 42. Qxd4+ Kg6 43. Qe4+ Kf6 44.
Qf4+ Kg6 45. Qe4+ Kf6 46. Qd4+ Kg6 47. Kg1 Kf7 48. Qf4+ Kg6 49. Qe4+ Kf6
50. Qd4+ Kf7 51. Qe5 h3 52. Qf4+ Kg6 53. gxh3 gxh3 54. Kh2 Qe6 55. Qg3+ Kf7
56. Qf3+ Ke8 57. Qxb7 Qxd6+ 58. Kxh3 Qd7+ 59. Qxd7+ Kxd7 60. Kg3 Kc6 61.
Kf2 Kb5 62. Ke3 Kxb4 63. Kd2 1/2-1/2

[Event "Coppa del Mondo FIDE 2025"]
[Site "Goa"]
[Date "06.11.2025"]
[Round "1C"]
[White "Bacrot, Etienne"]
[Black "Grandelius, Nils"]
[Result "1/2-1/2"]
[WhiteElo "2627"]
[BlackElo "2645"]
[EventDate "2025.11.01"]
[EventType "k.o."]

1. e4 e5 2. Nf3 Nc6 3. Bb5 a6 4. Ba4 Nf6 5. O-O Bc5 6. c3 b5 7. Bc2 d5 8.
a4 b4 9. d4 dxe4 10. dxc5 Qxd1 11. Bxd1 exf3 12. Bxf3 e4 13. Be2 Bg4 14. f3
exf3 15. gxf3 Bh3 16. Rd1 O-O 17. Bf4 Rfe8 18. Kf2 Nd7 19. Bxc7 Nxc5 20.
Nd2 bxc3 21. bxc3 Ne5 22. Ne4 Nxe4+ 23. fxe4 Bg4 24. Rd5 Bxe2 25. Rxe5 Bc4
26. Rxe8+ Rxe8 27. Rd1 1/2-1/2

[Event "Coppa del Mondo FIDE 2025"]
[Site "Goa"]
[Date "06.11.2025"]
[Round "1C"]
[White "Martinez Alcantara, Jose Eduardo"]
[Black "Ivic, Velimir"]
[Result "1/2-1/2"]
[WhiteElo "2644"]
[BlackElo "2628"]
[EventDate "2025.11.01"]
[EventType "k.o."]

1. c4 e5 2. g3 d5 3. cxd5 Qxd5 4. Nf3 Nc6 5. Nc3 Qd8 6. Bg2 Nf6 7. b4 Bd6
8. Qa4 O-O 9. b5 Ne7 10. O-O c5 11. d3 h6 12. Nd2 Nf5 13. Nc4 Re8 14. Nxd6
Qxd6 15. Ba3 Rb8 16. Qxa7 b6 17. Qa4 Bb7 18. Bxb7 Rxb7 19. Bb2 Qe6 20. Rad1
Nd6 21. Kg2 Rbb8 22. Qb3 c4 23. dxc4 Nxc4 24. Bc1 Rbc8 25. e4 Ne3+ 26. Bxe3
Qxb3 27. axb3 Rxc3 28. Bxb6 Rb8 29. Rd8+ Rxd8 30. Bxd8 Rxb3 31. b6 Nd7 32.
Bc7 Nxb6 33. Bxe5 Rb4 34. Re1 h5 35. Re2 f6 36. Bf4 Kf7 37. h4 Nd7 38. f3
Nf8 39. Ra2 Ne6 40. Be3 Rb3 41. Kf2 g5 42. Ra7+ Kg6 43. Ra6 Rb2+ 44. Ke1
Kf7 45. hxg5 fxg5 46. f4 gxf4 47. gxf4 Rb4 48. f5 Rxe4 49. fxe6+ Rxe6 50.
Ra3 h4 51. Kf2 h3 52. Kg3 h2 53. Kxh2 Rg6 54. Ra5 Ke6 55. Bg5 Rg8 56. Kg3
Rf8 57. Bf4 Rf5 58. Ra6+ Kd5 59. Kf3 Kd4 60. Ra1 Rh5 61. Rd1+ Kc4 62. Ke4
Rh4 63. Rc1+ Kb4 64. Ke3 Kb5 65. Ke4 Kb4 66. Ke5 Kb3 67. Rc8 Rg4 68. Be3
Rc4 69. Rh8 Kc2 70. Bd4 Rc7 71. Rh2+ Kd3 72. Rh3+ Ke2 73. Ke4 Re7+ 74. Be5
Re8 75. Rh2+ Ke1 76. Ra2 Re7 77. Kd4 Kf1 78. Bf4 Re2 79. Ra8 Kg2 80. Rf8
Ra2 81. Be5 Re2 82. Rf6 Re1 83. Bf4 Ra1 84. Be5 Re1 85. Rf5 Re2 86. Kd3 Ra2
87. Rg5+ Kf3 88. Rg3+ Kf2 89. Rh3 Ra3+ 90. Bc3 Kg2 91. Re3 Ra8 92. Ke4 Re8+
93. Be5 Kf2 94. Rh3 Ke2 95. Rh2+ Ke1 96. Kd4 Kf1 97. Bf4 Re2 98. Rh6 Re8
99. Rf6 Ke2 100. Be5 Rd8+ 101. Ke4 Re8 102. Rb6 Re7 103. Rb8 Ke1 104. Kf4
Kd1 105. Rb2 Re8 106. Bd4 Re2 107. Rb8 Re7 108. Bc5 Re6 109. Rc8 Ke2 110.
Rd8 Rc6 111. Rd5 Re6 112. Bb4 Rf6+ 113. Ke4 Re6+ 114. Kf5 Rb6 115. Rd4 Rb8
116. Kf4 1/2-1/2

[Event "Coppa del Mondo FIDE 2025"]
[Site "Goa"]
[Date "06.11.2025"]
[Round "1C"]
[White "Pranesh, M"]
[Black "Kollars, Dmitrij"]
[Result "1-0"]
[WhiteElo "2630"]
[BlackElo "2642"]
[EventDate "2025.11.01"]
[EventType "k.o."]

1. e4 e5 2. Nf3 Nc6 3. Bb5 a6 4. Ba4 Nf6 5. O-O b5 6. Bb3 Bc5 7. c3 d6 8.
d4 Bb6 9. Be3 O-O 10. Nbd2 h6 11. h3 Bb7 12. Re1 exd4 13. cxd4 Na5 14. Bc2
Nc4 15. Nxc4 bxc4 16. d5 c6 17. e5 dxe5 18. dxc6 Bxc6 19. Qxd8 Bxd8 20.
Nxe5 Bd5 21. Red1 Re8 22. Bd4 Bc7 23. Re1 Rad8 24. Bc3 Rd6 25. Ng4 Bc6 26.
Nxf6+ gxf6 27. Rxe8+ Bxe8 28. Re1 Bc6 29. Kf1 Kg7 30. Be4 Re6 31. Bxc6 Rxc6
32. Ke2 Be5 33. Kd2 Bc7 34. Re4 h5 35. Kc2 Kg6 36. Bd4 Ba5 37. Be3 f5 38.
Re8 Bc7 39. Rc8 1-0

[Event "Coppa del Mondo FIDE 2025"]
[Site "Goa"]
[Date "06.11.2025"]
[Round "1C"]
[White "Pranav, V"]
[Black "Tari, Aryan"]
[Result "1-0"]
[WhiteElo "2641"]
[BlackElo "2631"]
[EventDate "2025.11.01"]
[EventType "k.o."]

1. d4 Nf6 2. Nf3 e6 3. e3 b6 4. Nbd2 Bb7 5. Bd3 d5 6. O-O Nbd7 7. b3 Bd6 8.
Bb2 O-O 9. c4 Ne4 10. Qc2 f5 11. cxd5 exd5 12. Ne5 Bxe5 13. dxe5 Ndc5 14.
Be2 Ne6 15. b4 Kh8 16. Nb3 f4 17. Nd4 N4g5 18. Nxe6 Nxe6 19. Bg4 Qe7 20.
Bxe6 Qxe6 21. exf4 Rxf4 22. Qxc7 Ba6 23. Rfd1 Rxb4 24. Bd4 Rc4 25. Qd6 Qxd6
26. exd6 Rd8 27. Be5 Bb7 28. Rd3 Kg8 29. Rg3 g6 30. f4 d4 31. f5 Be4 32.
fxg6 hxg6 33. Rf1 Rc2 34. Rf4 d3 35. Rxe4 d2 36. Rxg6+ Kf7 37. Rf6+ Ke8 38.
Rf1 Kd7 39. Bf4 Rf8 40. Re7+ Kd8 41. Bxd2 Rxf1+ 42. Kxf1 Rxd2 43. Rxa7 Rxd6
1-0

[Event "Coppa del Mondo FIDE 2025"]
[Site "Goa"]
[Date "06.11.2025"]
[Round "1C"]
[White "Hovhannisyan, Robert"]
[Black "Sadhwani, Raunak"]
[Result "1-0"]
[WhiteElo "2633"]
[BlackElo "2641"]
[EventDate "2025.11.01"]
[EventType "k.o."]

1. e4 c5 2. Nf3 Nc6 3. d4 cxd4 4. Nxd4 Nf6 5. Nc3 d6 6. Bg5 e6 7. Qd2 a6 8.
O-O-O Bd7 9. f4 Be7 10. Nf3 b5 11. Bxf6 gxf6 12. f5 Qb6 13. Kb1 O-O-O 14.
a3 Kb8 15. Nd4 Rc8 16. Be2 h5 17. h4 Ne5 18. Rh3 Nc4 19. Bxc4 Rxc4 20. Rg3
Rd8 21. Rg7 b4 22. axb4 d5 23. fxe6 Rxb4 24. b3 Bxe6 25. Nxd5 Bxd5 26. exd5
Ka8 27. Qc3 Ra4 28. Qc6+ 1-0

[Event "Coppa del Mondo FIDE 2025"]
[Site "Goa"]
[Date "06.11.2025"]
[Round "1C"]
[White "Chigaev, Maksim"]
[Black "Vokhidov, Shamsiddin"]
[Result "0-1"]
[WhiteElo "2634"]
[BlackElo "2640"]
[EventDate "2025.11.01"]
[EventType "k.o."]

1. e4 e5 2. Nf3 Nc6 3. Nc3 Nf6 4. g3 Bc5 5. Bg2 d6 6. d3 a5 7. O-O h6 8. h3
a4 9. Nb5 O-O 10. c4 Be6 11. Kh2 Ne7 12. Nc3 Qd7 13. Bd2 Nh7 14. b3 axb3
15. axb3 Rxa1 16. Qxa1 f5 17. exf5 Bxf5 18. Ne4 Bxe4 19. dxe4 Nc6 20. Qe1
Nd4 21. Nxd4 Bxd4 22. Be3 c5 23. Bxd4 cxd4 24. Qa5 Nf6 25. f4 Re8 26. Rd1
Qc6 27. Qa2 Qc5 28. b4 Qxb4 29. Rb1 Qc5 30. Rb5 Qc6 31. Rb6 Qc7 32. c5+ Kh8
33. fxe5 dxe5 34. Qb2 Qxc5 35. Rxb7 d3 36. Qd2 Rd8 37. Rf7 Kh7 38. Qd1 Qf2
39. Rc7 d2 0-1

[Event "Coppa del Mondo FIDE 2025"]
[Site "Goa"]
[Date "06.11.2025"]
[Round "1D"]
[White "Praggnanandhaa, R"]
[Black "Kuybokarov, Temur"]
[Result "1/2-1/2"]
[WhiteElo "2771"]
[BlackElo "2535"]
[EventDate "2025.11.01"]
[EventType "k.o."]

1. e4 e5 2. Nf3 Nc6 3. Bb5 a6 4. Ba4 Nf6 5. O-O Be7 6. Bxc6 dxc6 7. d3 Nd7
8. Be3 a5 9. a4 f6 10. Nh4 Nf8 11. Nd2 g6 12. f4 exf4 13. Bxf4 Qd7 14. Bh6
Ne6 15. Kh1 b6 16. e5 f5 17. Nxf5 gxf5 18. Qh5+ Kd8 19. Rxf5 Nd4 20. Rf4 c5
21. Raf1 Qe8 22. Qd1 Qg6 23. Bf8 Bxf8 24. Rxf8+ Rxf8 25. Rxf8+ Ke7 26. Rf6
Qg4 27. Qf1 Be6 28. Ne4 Rg8 29. h3 Qh5 30. c3 Nc6 31. Qf4 Rg6 32. Rxg6 Qxg6
33. Nf6 Qxd3 34. Qh4 Qf1+ 35. Kh2 Nxe5 36. Ng8+ Kf8 37. Qd8+ Kg7 38. Qxc7+
Nf7 39. Qg3+ Kf8 40. Qb8+ Kg7 41. Qg3+ Kf8 42. Qb8+ Kg7 1/2-1/2